| 000 | 00571nam a22002057a 4500 | ||
|---|---|---|---|
| 999 |
_c511 _d511 |
||
| 003 | OSt | ||
| 005 | 20230221165159.0 | ||
| 008 | 140925b xxu||||| |||| 00| 0 eng d | ||
| 020 | _a0781743168 | ||
| 040 | _cDLC | ||
| 082 | _aQS18 S27c 2004 | ||
| 100 |
_aSnell, Richard S. _9793 |
||
| 245 |
_aClinical Anatomy: _bAn illustrated review with questions and explanations |
||
| 250 | _a4th ed. | ||
| 260 |
_aLondon: _bLippicontt Williams & Wilkins _c2004. |
||
| 300 |
_aix, 305 p. : _bill ; _c28 cm. |
||
| 504 | _aIncludes index | ||
| 650 |
_aAnatomy _9124 |
||
| 942 |
_2z _cSLOAN |
||